000 00271nam a22001217a 4500
082 _a823
_bKUN/M
100 _aKUNDASWAMI, S
245 _aMODERN ONE ACT PLAYS
260 _aCALICUT
_bUNIVERSITY PRESS
_c1994
300 _a120
650 _aENGLISH STORY
_zINDIA
942 _cBK
999 _c7597
_d7597